Revista de estudios de la Administración local y autonómica (Registro nro. 26002)
[ vista simple ]
| 000 -CABECERA | |
|---|---|
| Longitud fija campo de control | 01868nms a2200481 c 4500 |
| 001 - NÚMERO DE CONTROL | |
| Número de control | 26002 |
| 003 - IDENTIFICADOR DE NÚMERO DE CONTROL | |
| Identificador del número de control | ES-MaCES |
| 005 - FECHA Y HORA DE LA ÚLTIMA TRANSACCIÓN | |
| Fecha y hora de la última transacción | 20250327143456.0 |
| 007 - PHYSICAL DESCRIPTION FIXED FIELD--GENERAL INFORMAT | |
| Campo fijo de descripción física | cr ||||||||||| |
| 008 - CAMPO FIJO DE DESCRIPCIÓN FIJA--INFORMACIÓN GENERAL | |
| Códigos de información de longitud fija | 060615d20042011sp tr p o| |spa d |
| 017 ## - NÚMERO DE REGISTRO DE DERECHOS DE AUTOR Y DEPÓSITO LEGAL | |
| Número de copyright o de depósito legal | M 1582-1958 |
| Agencia que asigna el número | DL |
| 022 1# - ISSN (INTERNATIONAL STANDARD SERIAL NUMBER) | |
| Número Internacional Normalizado para Publicaciones Seriadas | 1699-7476 |
| 022 1# - ISSN (INTERNATIONAL STANDARD SERIAL NUMBER) | |
| Número Internacional Normalizado para Publicaciones Seriadas | 1989-8975 (ISSNe) |
| 024 7# - OTROS IDENTIFICADORES | |
| Número normalizado o código | 329-05-001-1 |
| Fuente del número o código | nipo |
| 024 7# - OTROS IDENTIFICADORES | |
| Número normalizado o código | 10.24965/reala |
| Fuente del número o código | doi |
| 035 ## - NÚMERO DE CONTROL DEL SISTEMA | |
| Número de control del sistema | CES20060000077p |
| 040 ## - FUENTE DE CATALOGACIÓN | |
| Centro catalogador de origen | ES-MaCES |
| Lengua de catalogación | spa |
| Centro transcriptor | ES-MaCES |
| 245 00 - MENCIÓN DE TÍTULO | |
| Título | Revista de estudios de la Administración local y autonómica |
| Mención de responsabilidad, etc. | Instituto Nacional de Administración Pública |
| Medio | Recurso electrónico |
| 246 04 - FORMA VARIANTE DEL TÍTULO | |
| Título propio ; Título en breve | REALA |
| 260 ## - PUBLICACIÓN, DISTRIBUCIÓN, ETC (PIE DE IMPRENTA) | |
| Lugar de publicación, distribución, etc. | Madrid |
| Nombre del editor, distribuidor, etc. | Instituto Nacional de Administración Pública |
| Fecha de publicación, distribución, etc. | 2004-2011 |
| 300 ## - DESCRIPCIÓN FÍSICA | |
| Extensión | v. |
| 310 ## - PERIODICIDAD ACTUAL DE LA PUBLICACIÓN | |
| Periodicidad actual | Tres veces al año |
| 362 0# - DATOS DE LA PUBLICACIÓN Y/O DESIGNACIÓN SECUENCIAL | |
| Fecha de publicación y;o designación secuencial | N. 294-295 (en.-ag. 2004)-n. 317 (sept.-dic 2011) |
| 500 ## - NOTA GENERAL | |
| Nota general | Cerrada la suscripción de la ed. impresa, continua ed. electrónica |
| 541 ## - NOTA DE LA FUENTE INMEDIANTE DE ADQUISICIÓN | |
| Forma de adquisición | Gratuito |
| 650 #4 - ASIENTO SECUNDARIO DE MATERIA--TÉRMINO DE MATERIA | |
| Término de materia o nombre geográfico como elemento inicial | jurisprudencia |
| 9 (RLIN) | 28624 |
| 650 #4 - ASIENTO SECUNDARIO DE MATERIA--TÉRMINO DE MATERIA | |
| Término de materia o nombre geográfico como elemento inicial | derecho administrativo |
| 9 (RLIN) | 27155 |
| 650 #4 - ASIENTO SECUNDARIO DE MATERIA--TÉRMINO DE MATERIA | |
| Término de materia o nombre geográfico como elemento inicial | España |
| 9 (RLIN) | 26964 |
| 650 #4 - ASIENTO SECUNDARIO DE MATERIA--TÉRMINO DE MATERIA | |
| Término de materia o nombre geográfico como elemento inicial | nivel local |
| 9 (RLIN) | 27220 |
| 650 #4 - ASIENTO SECUNDARIO DE MATERIA--TÉRMINO DE MATERIA | |
| Término de materia o nombre geográfico como elemento inicial | administración pública |
| 9 (RLIN) | 27214 |
| 653 10 - TÉRMINO DE INDEXACIÓN--NO CONTROLADO | |
| Término no controlado | Administración-Instituciones públicas |
| 710 2# - ENCABEZAMIENTO SECUNDARIO--NOMBRE CORPORATIVO | |
| Nombre de entidad o nombre de jurisdicción como elemento inicial | Instituto Nacional de Administración Pública (España) |
| Término indicativo de función | ed. |
| 9 (RLIN) | 4265 |
| 780 04 - ENTRADA ANTERIOR | |
| Título | Revista de estudios autonómicos |
| Número de control del registro relacionado | (ES-MaCES)25941 |
| 780 04 - ENTRADA ANTERIOR | |
| Título | Revista de estudios de la Administración local |
| Número de control del registro relacionado | (ES-MaCES)25939 |
| 853 21 - LEYENDAS Y PATRÓN--UNIDAD BIBLIOGRÁFICA BÁSICA | |
| Segundo nivel de enumeración | n. |
| Primer nivel de cronología | año |
| Segundo nivel de cronología | mes |
| Continuidad en la numeración | c |
| Frecuencia | t |
| 856 4# - ACCESO ELECTRÓNICO | |
| Identificador Uniforme del Recurso (URI) | https://revistasonline.inap.es/index.php/REALA/issue/archive |
| Texto del enlace | texto completo desde n. 1 (1942) |
| 868 #0 - FUENTES TEXTUALES--ÍNDICES | |
| Holdings textuales | índice: 1993. |
| 905 ## - CES. DATOS REVISTA | |
| Boletín de sumarios (Sirtex 591$a) | Boletín D |
| Formato | P-OL |
| Kardex | SÍ |
| Abreviatura boletín | RevisDEstAdmLocAut |
| Proceso | + |
| 942 ## - ELEMENTOS KOHA | |
| Fuente de clasificaión o esquema | Clasificación propia del CES |
| Koha [por defecto] tipo de item | Periódicas |
| Parte de clasificación | Administración e Instituciones Públicas |
No hay ítems disponibles.
